முஸ்லிம் இளைஞர்களுக்கான தலைமைத்துவப் பயிற்சி வழிகாட்டி (Record no. 4877)

MARC details
000 -LEADER
fixed length control field 01015nam a22002537a 4500
003 - CONTROL NUMBER IDENTIFIER
control field LK-CoMWRAF
005 - DATE AND TIME OF LATEST TRANSACTION
control field 20240605134200.0
008 - FIXED-LENGTH DATA ELEMENTS--GENERAL INFORMATION
fixed length control field 240331b2007 |||||||| |||| 00| 0 eng d
020 ## - INTERNATIONAL STANDARD BOOK NUMBER
International Standard Book Number 9785558398159
040 ## - CATALOGING SOURCE
Original cataloging agency LK-CoMWRAF
Modifying agency LK-CoMWRAF
Description conventions LK-CoMWRAF
041 ## - LANGUAGE CODE
Language code of text/sound track or separate title Tamil
082 ## - DEWEY DECIMAL CLASSIFICATION NUMBER
Classification number 658.4022
Item number ALT
942 ## - ADDED ENTRY ELEMENTS (KOHA)
Koha item type Books
100 ## - MAIN ENTRY--PERSONAL NAME
Personal name அல்தாலிப், ஹிஷாம்
Personal name (Transliterated) Altalib, Hisham
700 ## - ADDED ENTRY--PERSONAL NAME
Personal name இஸ்ஸத்தீன், ஹாபிஸ்
Personal name (Transliterated) Izzaddin, Hafiz
Relator Term translator
242 ## - TRANSLATION OF TITLE BY CATALOGING AGENCY
Title Training guide for Islamic workers in English
245 ## - TITLE STATEMENT
Title முஸ்லிம் இளைஞர்களுக்கான தலைமைத்துவப் பயிற்சி வழிகாட்டி
246 ## - VARYING FORM OF TITLE
Title proper/short title Muslim iḷaiñarkaḷukkāṉa talaimaittuvap payiṟci vaḻikāṭṭi
260 ## - PUBLICATION, DISTRIBUTION, ETC. (IMPRINT)
Place of publication, distribution, etc. Dharga Town:
Name of publisher, distributor, etc. FUZIN TEXTS,
Date of publication, distribution, etc. 2012
300 ## - PHYSICAL DESCRIPTION
Extent 450 p.
Other physical details Bibliography included
490 ## - SERIES STATEMENT
Series statement Human development series
Volume/sequential designation no.1
650 ## - SUBJECT ADDED ENTRY--TOPICAL TERM
Topical term or geographic name as entry element TEAM SPIRIT
650 ## - SUBJECT ADDED ENTRY--TOPICAL TERM
Topical term or geographic name as entry element Training manuals-Youth
Holdings
Withdrawn status Lost status Damaged status Not for loan Permanent Location Current Location Date acquired Full call number Barcode Koha item type
        Resource center, Muslim Women's Research And Action Forum Resource center, Muslim Women's Research And Action Forum 2024-03-31 658.4022 ALT RAF5232 Books

Copyright © 2023 Muslim Women's Research and Action Forum (MWRAF), No 27/3, Anderson Road, Kalubowila, Dehiwela. Funded by The Asia Fundation